Sweet Home Chicago - Statistics

General Stats
  • This quiz has been taken 262 times
  • The average score is 18 of 26
Answer Stats
Q. A. % Correct
Chicago "nickname" The Windy City
99%
Lake... Michigan
98%
Professional Football Team Bears
96%
Professional Basketball Team Bulls
95%
Professional Baseball Team Cubs
94%
What we call "soda" Pop
94%
"Willis Tower" ohh, you mean Sears Tower
94%
Professional Hockey Team Blackhawks
92%
Hot Dogs DO NOT come with Ketchup
84%
90's Professional Basketball Star Michael Jordan
84%
Famous Ferris Wheel sits on Navy Pier
84%
Our pizzas are Deep Dish
83%
Chicago style... Hot Dog
82%
Home of Professional North Side Baseball Wrigley Field
78%
Home of Professional Basketball United Center
65%
Downtown Chicago is The Loop
64%
Da Coach Mike Ditka
60%
The large fountain is called Buckingham Fountain
59%
90's Professional Basketball Star Scottie Pippen
58%
90's Professional Basketball Star Dennis Rodman
50%
Home of Professional South Side Baseball US Cellular
47%
Hairy Caray's famous phrase Holy Cow
32%
The Bean is located in Millennium Park
31%
Professional Hockey's Head Coach Joel Quenneville
22%
Home of Professional Football Solider Field
6%
Home of Professional Hockey Verizon Center
3%
No matching quizzes found
Score Distribution
Percent of People with Each Score
Percentile by Number Answered
Your Score History
You have not taken this quiz